الدب / (رقم التسجيلة. 34415)

تفاصيل مارك
000 -LEADER
fixed length control field 00608nam a22001937a 4500
005 - DATE AND TIME OF LATEST TRANSACTION
control field 20251108165914.0
008 - FIXED-LENGTH DATA ELEMENTS--GENERAL INFORMATION
fixed length control field 250721s1991 xx 000 0 ara d
082 14 - DEWEY DECIMAL CLASSIFICATION NUMBER
Classification number ط/599.74/صوف
100 1# - MAIN ENTRY--PERSONAL NAME
Personal name صوفان، أحمد
Relator term معد
245 10 - TITLE STATEMENT
Title الدب /
264 1# - PRODUCTION, PUBLICATION, DISTRIBUTION, MANUFACTURE, AND COPYRIGHT NOTICE
Place of production, publication, distribution, manufacture بيروت :
Name of producer, publisher, distributor, manufacturer المؤسسه العربيه للدراسات و النشر،
Date of production, publication, distribution, manufacture, or copyright notice 1991.
300 ## - PHYSICAL DESCRIPTION
Extent 32ص : مص
490 0# - SERIES STATEMENT
Series statement حيوانات العالم
Volume/sequential designation 7
650 17 - SUBJECT ADDED ENTRY--TOPICAL TERM
Topical term or geographic name as entry element الدبيات ( فصيله )
653 ## - INDEX TERM--UNCONTROLLED
Uncontrolled term ناشئون صغار (سنة14-10)
700 1# - ADDED ENTRY--PERSONAL NAME
Personal name جار الله، هانئه
942 ## - ADDED ENTRY ELEMENTS (KOHA)
Source of classification or shelving scheme Dewey Decimal Classification
Koha item type كتب
المقتنيات
حالة السحب حالة الفقدان مصدر التصنيف حالة التلف غير قابل للإعارة المكتبة الرئيسية المكتبة الحالية موقع الرف تاريخ التزويد الرقم المتسلسل Total Checkouts رقم الإستدعاء تاريخ آخر ظهور تاريخ الفاتورة نوع المادة (كوها) الباركود
    Dewey Decimal Classification     المكتبة المركزية المكتبة المركزية   28/07/2025 1760921   ط/599.74/صوف 28/07/2025 28/07/2025 كتب  
    Dewey Decimal Classification     مكتبة قتيبة للأطفال مكتبة قتيبة للأطفال الأطفال 09/11/2017 1666975   ط/599.74/صوف 28/07/2025 09/11/2017 كتب PLD00410361
    Dewey Decimal Classification     مكتبة أم المؤمنين للأطفال مكتبة أم المؤمنين للأطفال الأطفال 28/07/2025 431256   ط/599.74/صوف 28/07/2025 28/07/2025 كتب 431256
    Dewey Decimal Classification Unchecked   مكتبة الجويدة مكتبة الجويدة الأطفال 06/07/2004 905   ط/599.74/صوف 28/07/2025 06/07/2004 كتب  
    Dewey Decimal Classification Unchecked   مكتبة الحسن العامة مكتبة الحسن العامة الأطفال 06/07/2004 2742   ط/599.74/صوف 28/07/2025 06/07/2004 كتب  
    Dewey Decimal Classification Unchecked   مكتبة الراية الهاشمية للأطفال مكتبة الراية الهاشمية للأطفال الإعارة 28/07/2025 296447   ط/599.74/صوف 28/07/2025 28/07/2025 كتب  
    Dewey Decimal Classification Unchecked   مكتبة النصر العامة مكتبة النصر العامة الأطفال 06/07/2004 2688   ط/599.74/صوف 28/07/2025 06/07/2004 كتب  
    Dewey Decimal Classification     مكتبة بدر للأطفال مكتبة بدر للأطفال الأطفال 24/08/2022 267912   ط/599.74/صوف 28/07/2025 24/08/2022 كتب PLD00500266
    Dewey Decimal Classification Unchecked   مكتبة صويلح العامة مكتبة صويلح العامة الأطفال 06/07/2004 1844   ط/599.74/صوف 28/07/2025 06/07/2004 كتب  
Implemented & Customized by: BBB with SCIT (Smart Chains for Information Technology)

Powered by Koha